[Event "Biel"]
[Site "Biel SUI"]
[Date "2001.07.23"]
[Round "1"]
[White "Svidler, Peter"]
[Black "Grischuk, Alexander"]
[Result "1-0"]
[WhiteElo "2695"]
[BlackElo "2669"]
[PlyCount "65"]
[EventDate "2001.07.23"]
[EventType "tourn"]
[EventRounds "10"]
[EventCountry "SUI"]
[EventCategory "16"]

1. e4 e5 2. Nf3 Nc6 3. Bb5 a6 4. Ba4 Nf6 5. O-O Bc5 6. c3 b5 7. Bc2 d5 8. d4 dxe4 9. Nxe5 Nxe5 10. dxe5 Qxd1 11. Rxd1 Ng4 12. Bxe4 Nxf2 13. Bc6+ Ke7 14. Rd5 Bb6 15. Bg5+ f6 16. exf6+ gxf6 17. Bh4 Ng4+ 18. Kh1 Rb8 19. Nd2 Be6 20. Rh5 Kf7 21. h3 Ne5 22. Rh6 Ng6 23. Rf1 f5 24. Bg5 Kg7 25. Nf3 Bc4 26. Rd1 Rbf8 27. h4 Bxa2 28. h5 Ne7 29. Rd7 Re8 30. Ne5 Bc5 31. Nd3 Bb6 32. Bf3 Bc4 33. Ne5 1-0

[Event "Biel"]
[Site "Biel SUI"]
[Date "2001.07.24"]
[Round "2"]
[White "Gelfand, Boris"]
[Black "Pelletier, Yannick"]
[Result "1-0"]
[WhiteElo "2714"]
[BlackElo "2531"]
[PlyCount "110"]
[EventDate "2001.07.23"]
[EventType "tourn"]
[EventRounds "10"]
[EventCountry "SUI"]
[EventCategory "16"]

1. d4 d5 2. c4 c6 3. Nc3 Nf6 4. e3 e6 5. Nf3 Nbd7 6. Bd3 dxc4 7. Bxc4 b5 8. Bd3 Bb7 9. O-O b4 10. Ne4 Be7 11. a3 Nxe4 12. Bxe4 Nf6 13. Bd3 bxa3 14. b3 Qb6 15. Qc2 c5 16. Bxa3 cxd4 17. Nxd4 Bxa3 18. Rxa3 O-O 19. Rfa1 Rfc8 20. Qd2 e5 21. Nf5 Rd8 22. Qc3 g6 23. Ng3 Qc6 24. Qxc6 Bxc6 25. Bf1 Rdb8 26. Bc4 Bd5 27. Bxd5 Nxd5 28. Ne4 Rb4 29. Nd2 Rb7 30. Ra5 Rd8 31. Ne4 Nc7 32. Rxe5 Rxb3 33. g4 a6 34. Rc5 Rb7 35. Kg2 Ra7 36. f4 Kg7 37. Kf3 Rd5 38. Rc6 a5 39. Nf6 Rd8 40. Ra4 Ne8 41. g5 h6 42. h4 Nxf6 43. gxf6+ Kh7 44. Ke2 Rd5 45. e4 Rh5 46. Rac4 Rxh4 47. e5 g5 48. f5 Rxc4 49. Rxc4 a4 50. e6 fxe6 51. fxe6 Kg6 52. e7 Ra8 53. Rxa4 Rb8 54. Ra6 h5 55. Rd6 Rb2+ {und Schwarz gab sich geschlagen. Eine saubere technische Leistung von Gelfand.} 1-0

[Event "Biel"]
[Site "Biel SUI"]
[Date "2001.07.24"]
[Round "2"]
[White "Korchnoi, Viktor"]
[Black "Grischuk, Alexander"]
[Result "1-0"]
[WhiteElo "2617"]
[BlackElo "2669"]
[PlyCount "97"]
[EventDate "2001.07.23"]
[EventType "tourn"]
[EventRounds "10"]
[EventCountry "SUI"]
[EventCategory "16"]

1. d4 d5 2. c4 e6 3. Nf3 c6 4. e3 f5 5. Bd3 Nf6 6. O-O Bd6 7. b3 Qe7 8. Bb2 b6 9. Qc1 Bb7 10. Ba3 Nbd7 11. cxd5 cxd5 12. Bxd6 Qxd6 13. Nc3 a6 14. Qb2 O-O 15. b4 Rac8 16. a4 Ne4 17. Ne2 Qe7 18. Rfc1 Nd6 19. b5 a5 20. Qa3 Rxc1+ 21. Rxc1 Rc8 22. Rxc8+ Nxc8 23. Qc3 Qd6 24. Nf4 Ne7 25. h4 Nf8 26. h5 Bc8 27. Ne5 Bd7 28. f3 Be8 29. g4 g5 30. Ne2 Nd7 31. Kg2 h6 32. Ng3 fxg4 33. fxg4 Nxe5 34. dxe5 Qc5 35. Qd2 Qc7 36. Qb2 Kg7 37. Ne2 Kg8 38. Kf2 Bf7 39. Qd4 Kg7 40. Qc3 Qb8 41. Nd4 Qd8 42. Ke2 Bg8 43. Bb1 Kh8 44. Qa3 Nc8 45. Bg6 Kg7 46. Bb1 Kh8 47. Qc1 Ne7 48. Qf1 Nc8 49. Nc6 1-0

[Event "Biel"]
[Site "Biel SUI"]
[Date "2001.07.24"]
[Round "2"]
[White "Lautier, Joel"]
[Black "Svidler, Peter"]
[Result "0-1"]
[WhiteElo "2675"]
[BlackElo "2695"]
[PlyCount "80"]
[EventDate "2001.07.23"]
[EventType "tourn"]
[EventRounds "10"]
[EventCountry "SUI"]
[EventCategory "16"]

1. d4 Nf6 2. c4 g6 3. Nc3 d5 4. Nf3 Bg7 5. Bf4 O-O 6. Rc1 dxc4 7. e3 c5 8. Bxc4 cxd4 9. Nxd4 Bd7 10. Nb3 Qb6 11. O-O Na6 12. Be5 Rfd8 13. Qf3 Bc6 14. e4 Rd7 15. h4 Rad8 16. h5 Nb4 17. hxg6 hxg6 18. Qf4 a5 19. Qg5 Bxe4 20. Na4 Qa7 21. Nac5 Rd5 22. Bxd5 Bxd5 23. Bc7 Rc8 24. Na4 Nxa2 25. Bb6 Qa8 26. Rxc8+ Qxc8 27. Nxa5 Qc2 28. b3 Bxb3 29. Nxb3 Qxb3 30. Qa5 Nd5 31. Bc5 Nf4 32. Re1 Qd5 33. f3 Qg5 34. g4 Qh4 35. Qd8+ Kh7 36. Qd2 Qg3+ 37. Kf1 Qxf3+ 38. Kg1 Qxg4+ 39. Kh1 Qf3+ 40. Kg1 Nc3 {ce2-+} 0-1

[Event "Biel"]
[Site "Biel SUI"]
[Date "2001.07.25"]
[Round "3"]
[White "Grischuk, Alexander"]
[Black "Lautier, Joel"]
[Result "1/2-1/2"]
[WhiteElo "2669"]
[BlackElo "2675"]
[PlyCount "52"]
[EventDate "2001.07.23"]
[EventType "tourn"]
[EventRounds "10"]
[EventCountry "SUI"]
[EventCategory "16"]

1. e4 e5 2. Nf3 Nc6 3. Bc4 Bc5 4. c3 Nf6 5. d3 a6 6. Bb3 d6 7. Nbd2 h6 8. O-O O-O 9. Re1 Ba7 10. Nf1 Ne7 11. Ng3 Ng6 12. Be3 Bxe3 13. Rxe3 c6 14. d4 Qc7 15. Qd2 Re8 16. Rd1 Nf4 17. h3 Bd7 18. Nh4 d5 19. dxe5 Rxe5 20. Nf3 Ree8 21. e5 Nh7 22. Ree1 Ng6 23. c4 dxc4 24. Qxd7 Qxd7 25. Rxd7 cxb3 26. axb3 Rab8 1/2-1/2

[Event "Biel"]
[Site "Biel SUI"]
[Date "2001.07.25"]
[Round "3"]
[White "Pelletier, Yannick"]
[Black "Korchnoi, Viktor"]
[Result "1-0"]
[WhiteElo "2531"]
[BlackElo "2617"]
[PlyCount "62"]
[EventDate "2001.07.23"]
[EventType "tourn"]
[EventRounds "10"]
[EventCountry "SUI"]
[EventCategory "16"]

1. Nf3 Nf6 2. c4 b6 3. g3 Bb7 4. Bg2 e6 5. O-O Be7 6. Nc3 O-O 7. Re1 d5 8. cxd5 Nxd5 9. e4 Nxc3 10. bxc3 c5 11. d4 cxd4 12. cxd4 Na6 13. Ne5 Rc8 14. a3 Bd6 15. Bf4 Qe7 16. Qb3 Rc7 17. Bf1 Rfc8 18. Qa4 Nb8 19. Qxa7 g5 20. Be3 Bxe4 21. Qxb6 Bxe5 22. dxe5 Bf3 23. Qd6 h6 24. Rac1 Nc6 25. Qxe7 Rxe7 26. Bg2 Bxg2 27. Kxg2 Ree8 28. Rc5 Ne7 29. Rec1 Ra8 30. R1c3 Nd5 31. Rb3 Nxe3+ 1-0

[Event "Biel"]
[Site "Biel SUI"]
[Date "2001.07.25"]
[Round "3"]
[White "Svidler, Peter"]
[Black "Gelfand, Boris"]
[Result "1/2-1/2"]
[WhiteElo "2695"]
[BlackElo "2714"]
[PlyCount "41"]
[EventDate "2001.07.23"]
[EventType "tourn"]
[EventRounds "10"]
[EventCountry "SUI"]
[EventCategory "16"]

1. e4 e5 2. Nf3 Nf6 3. Nxe5 d6 4. Nf3 Nxe4 5. d4 d5 6. Bd3 Be7 7. O-O Nc6 8. c4 Nf6 9. Nc3 O-O 10. Re1 Be6 11. cxd5 Nxd5 12. a3 Bf6 13. Be4 h6 14. h3 Qd7 15. Ne5 Bxe5 16. dxe5 Nxc3 17. Qxd7 Bxd7 18. bxc3 Rae8 19. f4 Na5 20. Be3 f5 21. Bd5+ 1/2-1/2

[Event "Biel"]
[Site "Biel SUI"]
[Date "2001.07.26"]
[Round "4"]
[White "Grischuk, Alexander"]
[Black "Pelletier, Yannick"]
[Result "1/2-1/2"]
[WhiteElo "2669"]
[BlackElo "2531"]
[PlyCount "122"]
[EventDate "2001.07.23"]
[EventType "tourn"]
[EventRounds "10"]
[EventCountry "SUI"]
[EventCategory "16"]

1. e4 e6 2. d4 d5 3. e5 c5 4. c3 Nc6 5. Nf3 Qb6 6. a3 c4 7. Nbd2 f6 8. Be2 fxe5 9. Nxe5 Nxe5 10. dxe5 Bc5 11. O-O Ne7 12. b4 cxb3 13. Nxb3 O-O 14. Nxc5 Qxc5 15. Qd3 Qc7 16. Bg5 Rf7 17. f4 Bd7 18. Bh5 Qc5+ 19. Kh1 Rff8 20. Rab1 b6 21. c4 Nf5 22. cxd5 h6 23. dxe6 Bxe6 24. Bg6 Qc4 25. Qh3 Ne7 26. Bd3 Qa2 27. Qh5 Nf5 28. Bf6 Bd5 29. Qg6 Qxg2+ 30. Qxg2 Bxg2+ 31. Kxg2 Ne3+ 32. Kh3 Nxf1 33. Be7 Rfe8 34. Bb4 Ne3 35. Re1 a5 36. Bd6 Rad8 37. Bg6 Nc4 38. Bxe8 Rxe8 39. Rd1 Rd8 40. Rc1 Nxd6 41. exd6 Rxd6 42. Kg4 Kf7 43. Kf5 Rd5+ 44. Ke4 Rd2 45. Rc7+ Kg8 46. Rb7 Rxh2 47. Rxb6 Rh3 48. f5 Rxa3 49. Rb8+ Kf7 50. Rb7+ Kf6 51. Rb6+ Kf7 52. Rb7+ Kg8 53. Rb8+ Kh7 54. Rb7 Ra4+ 55. Ke5 Ra1 56. Ra7 Kg8 57. Ra8+ Kf7 58. Ra7+ Kg8 59. Ra8+ Kh7 60. Ra7 Kh8 61. Ra8+ Kh7 1/2-1/2

[Event "Biel"]
[Site "Biel SUI"]
[Date "2001.07.26"]
[Round "4"]
[White "Lautier, Joel"]
[Black "Gelfand, Boris"]
[Result "1/2-1/2"]
[WhiteElo "2675"]
[BlackElo "2714"]
[PlyCount "40"]
[EventDate "2001.07.23"]
[EventType "tourn"]
[EventRounds "10"]
[EventCountry "SUI"]
[EventCategory "16"]

1. d4 Nf6 2. c4 e6 3. Nf3 b6 4. g3 Ba6 5. Nbd2 d5 6. Bg2 Be7 7. O-O O-O 8. Ne5 Bb7 9. b3 c5 10. dxc5 Bxc5 11. Bb2 Nc6 12. Nd3 Be7 13. cxd5 Nxd5 14. Rc1 Rc8 15. Nc4 b5 16. Nce5 Nxe5 17. Rxc8 Qxc8 18. Bxe5 f6 19. Bb2 Nb4 20. Nxb4 Bxg2 1/2-1/2

[Event "Biel"]
[Site "Biel SUI"]
[Date "2001.07.27"]
[Round "5"]
[White "Gelfand, Boris"]
[Black "Grischuk, Alexander"]
[Result "1/2-1/2"]
[WhiteElo "2714"]
[BlackElo "2669"]
[PlyCount "58"]
[EventDate "2001.07.23"]
[EventType "tourn"]
[EventRounds "10"]
[EventCountry "SUI"]
[EventCategory "16"]

1. d4 d5 2. c4 e6 3. Nc3 c5 4. cxd5 exd5 5. Nf3 Nc6 6. g3 Nf6 7. Bg2 Be7 8. O-O O-O 9. Bg5 cxd4 10. Nxd4 h6 11. Be3 Re8 12. Rc1 Bf8 13. a3 Bg4 14. h3 Be6 15. Nxc6 bxc6 16. Bd4 Nh7 17. Na4 Qd7 18. h4 Bf5 19. Re1 Be4 20. Bc5 Bxg2 21. Kxg2 Re4 22. e3 Qf5 23. Bxf8 Nxf8 24. Nc5 Re5 25. Nd3 Re6 26. Nf4 Rf6 27. Qd3 Qg4 28. f3 Qd7 29. e4 dxe4 1/2-1/2

[Event "Biel"]
[Site "Biel SUI"]
[Date "2001.07.27"]
[Round "5"]
[White "Korchnoi, Viktor"]
[Black "Lautier, Joel"]
[Result "1-0"]
[WhiteElo "2617"]
[BlackElo "2675"]
[PlyCount "115"]
[EventDate "2001.07.23"]
[EventType "tourn"]
[EventRounds "10"]
[EventCountry "SUI"]
[EventCategory "16"]

1. Nf3 d5 2. d4 Nf6 3. c4 c6 4. e3 a6 5. Bd3 Bg4 6. Qb3 Qc7 7. Ne5 Bh5 8. cxd5 cxd5 9. Nc3 e6 10. e4 Nc6 11. exd5 Nxe5 12. dxe5 Qxe5+ 13. Be3 Bc5 14. Qa4+ Kf8 15. Qf4 Qxf4 16. Bxf4 exd5 17. O-O Re8 18. Rac1 Bd4 19. h3 Be5 20. Bxe5 Rxe5 21. Na4 g5 22. Nc5 Kg7 23. Nxb7 Be2 24. Rfe1 Rhe8 25. Nc5 Bxd3 26. Rxe5 Rxe5 27. Nxd3 Re2 28. Kf1 Rd2 29. Rc3 Rd1+ 30. Ke2 Rg1 31. Ne1 Nh5 32. g3 Rh1 33. Ra3 Rxh3 34. Rxa6 Nf6 35. a4 Ne4 36. Nf3 Rh1 37. a5 Ra1 38. Nd4 h5 39. Nf5+ Kh7 40. f3 Nc5 41. Rh6+ Kg8 42. Rxh5 Rxa5 43. Rxg5+ Kf8 44. Rh5 Kg8 45. b4 Ra2+ 46. Ke3 Ra3+ 47. Kd4 Ne6+ 48. Kxd5 Rxf3 49. b5 Rb3 50. Kd6 Rb1 51. Ke7 Nf8 52. Rg5+ Ng6+ 53. Kd7 Kf8 54. Nd6 Rb3 55. g4 Rb4 56. Rf5 Rxg4 57. b6 Rb4 58. b7 1-0

[Event "Biel"]
[Site "Biel SUI"]
[Date "2001.07.27"]
[Round "5"]
[White "Pelletier, Yannick"]
[Black "Svidler, Peter"]
[Result "1-0"]
[WhiteElo "2531"]
[BlackElo "2695"]
[PlyCount "54"]
[EventDate "2001.07.23"]
[EventType "tourn"]
[EventRounds "10"]
[EventCountry "SUI"]
[EventCategory "16"]

1. Nf3 Nf6 2. c4 g6 3. Nc3 d5 4. cxd5 Nxd5 5. Qb3 Nb6 6. d4 Bg7 7. Bg5 h6 8. Bh4 Be6 9. Qc2 O-O 10. Rd1 c6 11. e4 a5 12. Be2 Na6 13. O-O Nb4 14. Qb1 Bc4 15. Bxc4 Nxc4 16. a3 Na6 17. Qa2 b5 18. d5 Bxc3 19. bxc3 Qd7 20. a4 Nc5 21. dxc6 Qxc6 22. Bxe7 Rfe8 23. Nd4 Qc8 24. axb5 Nxe4 25. Nc6 Ne5 26. Nxe5 Rxe7 27. Nc6 Re6 1-0

[Event "Biel"]
[Site "Biel SUI"]
[Date "2001.07.29"]
[Round "6"]
[White "Grischuk, Alexander"]
[Black "Svidler, Peter"]
[Result "1/2-1/2"]
[WhiteElo "2669"]
[BlackElo "2695"]
[PlyCount "87"]
[EventDate "2001.07.23"]
[EventType "tourn"]
[EventRounds "10"]
[EventCountry "SUI"]
[EventCategory "16"]

1. e4 c5 2. Nf3 d6 3. d4 cxd4 4. Nxd4 Nf6 5. Nc3 a6 6. f3 e5 7. Nb3 Be6 8. Be3 Nbd7 9. g4 b5 10. g5 b4 11. Ne2 Nh5 12. Qd2 a5 13. Ng3 Nxg3 14. hxg3 Qc7 15. a3 bxa3 16. Rxa3 a4 17. Bb5 d5 18. exd5 Bxa3 19. dxe6 fxe6 20. bxa3 axb3 21. cxb3 Rxa3 22. O-O Rxb3 23. Rc1 Qd8 24. Bc4 Rxe3 25. Qxe3 Qb6 26. Qxb6 Nxb6 27. Bxe6 Ke7 28. Rc6 Rb8 29. Bf5 g6 30. Bg4 Kf8 31. Rf6+ Kg7 32. Re6 Nc4 33. Re7+ Kf8 34. Rxh7 Rb1+ 35. Kf2 Rb2+ 36. Ke1 Ne3 37. Be6 Ng2+ 38. Kf1 Ne3+ 39. Ke1 Ng2+ 40. Kd1 Ne3+ 41. Kc1 Rc2+ 42. Kb1 Rg2 43. g4 e4 44. fxe4 1/2-1/2

[Event "Biel"]
[Site "Biel SUI"]
[Date "2001.07.30"]
[Round "7"]
[White "Grischuk, Alexander"]
[Black "Korchnoi, Viktor"]
[Result "1/2-1/2"]
[WhiteElo "2669"]
[BlackElo "2617"]
[PlyCount "62"]
[EventDate "2001.07.23"]
[EventType "tourn"]
[EventRounds "10"]
[EventCountry "SUI"]
[EventCategory "16"]

1. e4 e6 2. d4 d5 3. e5 c5 4. c3 Qb6 5. Nf3 Nc6 6. a3 c4 7. Nbd2 Na5 8. g3 Be7 9. h4 Bd7 10. Bh3 f5 11. exf6 gxf6 12. O-O h5 13. Re1 Nh6 14. Nh2 O-O-O 15. Qxh5 Rdg8 16. Qe2 f5 17. Ndf3 Nb3 18. Bxh6 Rxh6 19. Rad1 Bxh4 20. Nxh4 Rxh4 21. Bg2 Rh7 22. Nf3 Na5 23. Qd2 Qd6 24. Ne5 Ba4 25. Rb1 Nc6 26. Qf4 Kc7 27. Re2 Nxe5 28. Qxe5 Qxe5 29. Rxe5 Kd6 30. Rbe1 Rh6 31. R5e2 f4 1/2-1/2

[Event "Biel"]
[Site "Biel SUI"]
[Date "2001.07.30"]
[Round "7"]
[White "Pelletier, Yannick"]
[Black "Gelfand, Boris"]
[Result "1/2-1/2"]
[WhiteElo "2531"]
[BlackElo "2714"]
[PlyCount "83"]
[EventDate "2001.07.23"]
[EventType "tourn"]
[EventRounds "10"]
[EventCountry "SUI"]
[EventCategory "16"]

1. d4 Nf6 2. c4 e6 3. Nf3 b6 4. a3 c5 5. d5 Ba6 6. Qc2 exd5 7. cxd5 g6 8. Nc3 Bg7 9. g3 O-O 10. Bg2 d6 11. O-O Re8 12. Re1 Nbd7 13. Bf4 Qe7 14. Qa4 Bb7 15. Nb5 Ne5 16. Nxe5 dxe5 17. d6 Qd7 18. Bxb7 Qxb7 19. Bg5 Qc6 20. Bxf6 Bxf6 21. Qa6 Red8 22. e4 Rd7 23. Rad1 Qc8 24. Qxc8+ Rxc8 25. Rd5 Rc6 26. f4 a6 27. fxe5 axb5 28. exf6 Rcxd6 29. Rxd6 Rxd6 30. e5 Rd2 31. Re3 c4 32. b3 h5 33. Rc3 cxb3 34. Rxb3 Rd5 35. Re3 g5 36. h3 Kh7 37. Kf2 Kg6 38. g4 hxg4 39. hxg4 Rd4 40. Kf3 Rf4+ 41. Kg3 b4 42. axb4 1/2-1/2

[Event "Biel"]
[Site "Biel SUI"]
[Date "2001.07.30"]
[Round "7"]
[White "Svidler, Peter"]
[Black "Lautier, Joel"]
[Result "1/2-1/2"]
[WhiteElo "2695"]
[BlackElo "2675"]
[PlyCount "50"]
[EventDate "2001.07.23"]
[EventType "tourn"]
[EventRounds "10"]
[EventCountry "SUI"]
[EventCategory "16"]

1. e4 c5 2. Nf3 Nc6 3. Nc3 e5 4. Bc4 Be7 5. d3 d6 6. Nd2 Nf6 7. Nf1 Bg4 8. f3 Be6 9. Ne3 O-O 10. O-O Nd7 11. g3 Nb6 12. f4 Nxc4 13. dxc4 exf4 14. gxf4 f5 15. exf5 Bc8 16. Ncd5 Nd4 17. b3 Nxf5 18. Bb2 Nxe3 19. Nxe3 Bf6 20. Qd5+ Kh8 21. Bxf6 Rxf6 22. f5 Rb8 23. Rf4 b6 24. Raf1 Bb7 25. Qd3 Rf7 1/2-1/2

[Event "Biel"]
[Site "Biel SUI"]
[Date "2001.07.31"]
[Round "8"]
[White "Gelfand, Boris"]
[Black "Svidler, Peter"]
[Result "1/2-1/2"]
[WhiteElo "2714"]
[BlackElo "2695"]
[PlyCount "56"]
[EventDate "2001.07.23"]
[EventType "tourn"]
[EventRounds "10"]
[EventCountry "SUI"]
[EventCategory "16"]

1. Nf3 Nf6 2. c4 g6 3. g3 Bg7 4. Bg2 c6 5. O-O d5 6. b3 O-O 7. Bb2 dxc4 8. bxc4 c5 9. Nc3 Nc6 10. Na4 Qd6 11. Ba3 Nd7 12. Rb1 Rb8 13. e3 b6 14. d4 Ba6 15. dxc5 bxc5 16. Qc2 Nb4 17. Bxb4 Rxb4 18. Rxb4 cxb4 19. Rd1 Qc7 20. Qd2 Nb6 21. Qxb4 Qxc4 22. Qxc4 Bxc4 23. Nxb6 axb6 24. Rb1 Rd8 25. h4 Rd6 26. a3 Ba2 27. Rc1 Bf6 28. e4 e5 1/2-1/2

[Event "Biel"]
[Site "Biel SUI"]
[Date "2001.07.31"]
[Round "8"]
[White "Lautier, Joel"]
[Black "Grischuk, Alexander"]
[Result "1/2-1/2"]
[WhiteElo "2675"]
[BlackElo "2669"]
[PlyCount "56"]
[EventDate "2001.07.23"]
[EventType "tourn"]
[EventRounds "10"]
[EventCountry "SUI"]
[EventCategory "16"]

1. d4 d5 2. c4 e6 3. Nc3 c5 4. cxd5 exd5 5. Nf3 Nc6 6. g3 Nf6 7. Bg2 Be7 8. O-O O-O 9. Bg5 cxd4 10. Nxd4 h6 11. Be3 Re8 12. Qa4 Na5 13. Rad1 Nc4 14. Bc1 Bd7 15. Qb3 Na5 16. Qc2 Bb4 17. Nxd5 Nxd5 18. a3 Rc8 19. Qd3 Ba4 20. b3 Nc3 21. bxa4 Nxd1 22. axb4 Rxc1 23. bxa5 Nb2 24. Qb5 Rxf1+ 25. Kxf1 Nd1 26. Qd3 Nb2 27. Qb5 Nd1 28. Qd3 Nb2 1/2-1/2

[Event "Biel"]
[Site "Biel SUI"]
[Date "2001.08.02"]
[Round "9"]
[White "Lautier, Joel"]
[Black "Korchnoi, Viktor"]
[Result "1-0"]
[WhiteElo "2675"]
[BlackElo "2617"]
[PlyCount "85"]
[EventDate "2001.07.23"]
[EventType "tourn"]
[EventRounds "10"]
[EventCountry "SUI"]
[EventCategory "16"]

1. d4 Nf6 2. c4 e6 3. Nc3 Bb4 4. Nf3 c5 5. g3 cxd4 6. Nxd4 Ne4 7. Qd3 Nc5 8. Qe3 d5 9. Bg2 dxc4 10. O-O Ncd7 11. Nd5 Bc5 12. Nxe6 fxe6 13. Qxe6+ Be7 14. Bf3 Nf8 15. Qe5 Ne6 16. Bh5+ Kf8 17. Bh6 Kg8 18. Bg4 gxh6 19. Bxe6+ Bxe6 20. Qxe6+ Kf8 21. Rac1 Nc6 22. Qxh6+ Kf7 23. Qh5+ Kg7 24. Qg4+ Bg5 25. Nf4 Ne5 26. Ne6+ Kf6 27. Qh3 Qd7 28. Nxg5 Kxg5 29. Qh4+ Kg6 30. Rfd1 Qc6 31. Qe7 Nf7 32. Rd4 Qf6 33. Qe4+ Kg7 34. Rcxc4 Rhd8 35. Rxd8 Rxd8 36. Qxb7 Qe6 37. Rc7 Qxa2 38. b3 Qb1+ 39. Kg2 Qf5 40. e4 Qg6 41. Re7 a6 42. Qc7 Rd1 43. Qe5+ 1-0

[Event "Biel"]
[Site "Biel SUI"]
[Date "2001.08.03"]
[Round "10"]
[White "Gelfand, Boris"]
[Black "Lautier, Joel"]
[Result "1/2-1/2"]
[WhiteElo "2714"]
[BlackElo "2675"]
[PlyCount "103"]
[EventDate "2001.07.23"]
[EventType "tourn"]
[EventRounds "10"]
[EventCountry "SUI"]
[EventCategory "16"]

1. d4 Nf6 2. c4 e6 3. Nf3 b6 4. g3 Ba6 5. b3 Bb4+ 6. Bd2 Be7 7. Bg2 c6 8. O-O d5 9. Qc2 Nbd7 10. Rd1 O-O 11. a4 c5 12. Nc3 dxc4 13. bxc4 Bxc4 14. Ne5 Nxe5 15. dxe5 Nd5 16. Be1 Qc7 17. Ne4 Ba6 18. Nd6 Rad8 19. e4 Nf6 20. Bc3 Nd7 21. f4 c4 22. Bb4 Nc5 23. Nxc4 Rxd1+ 24. Rxd1 Rd8 25. Nb2 Rxd1+ 26. Qxd1 Nxa4 27. Qxa4 Qc1+ 28. Nd1 Bxb4 29. Qxa6 Qxd1+ 30. Bf1 h6 31. Kg2 Qd2+ 32. Qe2 Qd4 33. Qd3 Qb2+ 34. Qe2 Bd2 35. Qb5 Bb4+ 36. Qe2 Qc1 37. Qc4 Bc3 38. Kh3 Kh7 39. f5 Qe1 40. fxe6 fxe6 41. Be2 Bxe5 42. Bg4 g6 43. Bxe6 h5 44. Bf5 Kg7 45. Bxg6 Kxg6 46. Qe6+ Bf6 47. Qg8+ Bg7 48. Qe6+ Kh7 49. Qf5+ Kg8 50. Qd5+ Kf8 51. Qd8+ Kf7 52. Qd7+ 1/2-1/2

[Event "Biel"]
[Site "Biel SUI"]
[Date "2001.08.03"]
[Round "10"]
[White "Korchnoi, Viktor"]
[Black "Svidler, Peter"]
[Result "1/2-1/2"]
[WhiteElo "2617"]
[BlackElo "2695"]
[PlyCount "31"]
[EventDate "2001.07.23"]
[EventType "tourn"]
[EventRounds "10"]
[EventCountry "SUI"]
[EventCategory "16"]

1. d4 Nf6 2. c4 g6 3. Nc3 d5 4. Nf3 Bg7 5. cxd5 Nxd5 6. e4 Nxc3 7. bxc3 c5 8. Be3 Bg4 9. Qd2 Bxf3 10. gxf3 cxd4 11. Bb5+ Nc6 12. cxd4 O-O 13. Bxc6 bxc6 14. O-O c5 15. Rad1 cxd4 16. Bxd4 1/2-1/2

[Event "Biel"]
[Site "Biel SUI"]
[Date "2001.08.03"]
[Round "10"]
[White "Pelletier, Yannick"]
[Black "Grischuk, Alexander"]
[Result "0-1"]
[WhiteElo "2531"]
[BlackElo "2669"]
[PlyCount "74"]
[EventDate "2001.07.23"]
[EventType "tourn"]
[EventRounds "10"]
[EventCountry "SUI"]
[EventCategory "16"]

1. Nf3 d5 2. d4 e6 3. c4 dxc4 4. e3 a6 5. Bxc4 c5 6. Bb3 Nf6 7. O-O b5 8. a4 b4 9. Nbd2 Be7 10. a5 Bb7 11. Qe2 Nbd7 12. Ne5 O-O 13. f4 Qc7 14. Ndf3 Bd5 15. Bxd5 exd5 16. b3 cxd4 17. Nxd7 Qxd7 18. Nxd4 Bc5 19. Bb2 Ne4 20. Rfc1 Rfc8 21. Rc2 Bxd4 22. Bxd4 Rxc2 23. Qxc2 Rc8 24. Qd3 Qc6 25. h3 h5 26. Qd1 Qc2 27. Qxh5 Qf2+ 28. Kh2 Qg3+ 29. Kg1 Qf2+ 30. Kh2 Rc2 31. Qg4 f6 32. Rd1 g5 33. f5 Kf7 34. Bxf6 Kxf6 35. Rxd5 Qxe3 36. h4 Qf4+ 37. Qxf4 gxf4 0-1